Pays en Countryball par image - Statistiques

Statistiques générales
  • Ce quiz a été pris 41 fois
  • Le résultat moyen est 11 sur 16
Statistiques - réponses
Par images Réponse % Correct
Belgique
94%
Espagne
94%
Nouvelle Zélande
91%
Madagascar
85%
Burkina Faso
79%
Équateur
76%
Singapour
71%
Togo
71%
Bahamas
68%
Estonie
68%
Maldives
68%
Îles Marshall
62%
Sao Tomé et principe
56%
Prusse
47%
Sparte
24%
Califat fatimide
18%
Aucun quiz correspondant
Distribution des résultats
% des personnes avec chaque résultat
Percentile par nombre de réponses
Votre historique - résultats
Vous n’avez pas pris ce quiz